000
00285nam a22001337a 4500
008
181016b xxu||||| |||| 00| 0 eng d
020
_a
9781586635602
041
_a
eng
080
_a
940
100
_a
16
101
_a
SHH
245
_a
The Art of War
_c
Sawyer,R.D
942
_2
udc
_c
BK
999
_c
49916
_d
49916